LEADER 01169nam0 22002653i 450 001 SUN0109616 005 20170601122542.16 010 $a978-88-19-12003-4$d0.00 100 $a20170601d2009 |0itac50 ba 101 $aita 102 $aIT 105 $a|||| ||||| 200 1 $a*Autotutela tributaria$e[evoluzione normativa e prassi dell'istituto, forme, ambito e limiti dell'autotutela, risvolti processuali, casi concreti d'applicazione]$fAngelo Buscema 210 $aRoma$cBuffetti$d2009 215 $aX, 251 p.$d22 cm$e1 CD-ROM. 410 1$1001SUN0109617$12001 $a*Fisco e tributi$1210 $aRoma$cBuffetti. 620 $dRoma$3SUNL000360 700 1$aBuscema$b, Angelo$3SUNV001028$0133047 712 $aBuffetti$3SUNV002545$4650 801 $aIT$bSOL$c20181109$gRICA 912 $aSUN0109616 950 $aUFFICIO DI BIBLIOTECA DEL DIPARTIMENTO DI SCIENZE POLITICHE JEAN MONNET$d04 CONS IV.G.f.4 $e04 OMA212 995 $aUFFICIO DI BIBLIOTECA DEL DIPARTIMENTO DI SCIENZE POLITICHE JEAN MONNET$gOMA$h212$kCONS IV.G.f.4$oc$qa 996 $aAutotutela tributaria$9761168 997 $aUNICAMPANIA LEADER 01251nas 2200385 c 450 001 9910895234303321 005 20260127110656.0 035 $a(CKB)4100000008149594 035 $a(DE-101)1206105526 035 $a(DE-599)ZDB3010844-5 035 $a(DE-599)3010844-5 035 $a(EXLCZ)994100000008149594 100 $a20200309a20099999 |y | 101 0 $abul 135 $aur||||||||||| 181 $ctxt$2rdacontent 182 $cc$2rdamedia 183 $acr$2rdacarrier 200 00$aAlmanach$fNacionalna muzikalna akademija "Prof. Panc?o Vladigerov" = Almanac / National Academy of Music "Professor Pancho Vladigerov" 210 31$aSofija$cNacionalna muzikalna akademija "Prof. Panc?o Vladigerov"$d[1 oktomvri 2009]- 210 1$aSofija$cNMA "Prof. Panc?o Vladigerov"$d2009-[?] 215 $aOnline-Ressource 311 08$a1313-9886 517 1 $aNacionalna muzikalna akademija "Prof. Panc?o Vladigerov" 608 $aZeitschrift$2gnd-content 676 $a780 676 $a792 712 02$aNacionalna Muzikalna Akademija "Prof. Panc?o Vladigerov"$4isb 801 0$b0012 801 1$bDE-101 801 2$b0012 906 $aJOURNAL 912 $a9910895234303321 996 $aAl'manach$91738852 997 $aUNINA